El pensamiento vivo de Séneca
Saved in:
| Main Author: | |
|---|---|
| Format: | Book |
| Published: |
Madrid, España:
Cátedra,
1992.
|
| Edition: | Segunda edición. |
| Series: | Colección Teorema.
|
| Subjects: | |
| Tags: |
Add Tag
No Tags, Be the first to tag this record!
|
MARC
| LEADER | 00000cam a2200000 a 4500 | ||
|---|---|---|---|
| 001 | UCD7816 | ||
| 003 | CL-VaPUC | ||
| 005 | 20221006145403.0 | ||
| 008 | 220629t1992 ||||| |||| 00| 0 eng d | ||
| 999 | |c 436452 |d 436450 | ||
| 020 | |a 84-376-0653-5 | ||
| 040 | |c Pontificia Universidad Católica de Valparaíso | ||
| 082 | 0 | 4 | |a 187 ZAM 1992 |2 21 |
| 100 | |a Zambrano, María |e autora |9 421633 | ||
| 245 | 1 | 3 | |a El pensamiento vivo de Séneca |
| 250 | |a Segunda edición. | ||
| 260 | |a Madrid, España: |b Cátedra, |c 1992. | ||
| 300 | |a 151 páginas. | ||
| 490 | |a Colección Teorema. | ||
| 500 | |a c.1 Donación Familia Prof. Alejandro Guzmán Brito. | ||
| 583 | |a last modification |c 20170407 16:56:00 |k Cristina María Rojas Aguilar | ||
| 650 | 0 | |a Filosofía antigua |9 255705 | |
| 650 | 0 | |a Conceptos morales |9 310606 | |
| 650 | 0 | |a Naturaleza humana |9 308593 | |
| 942 | |c BK |2 ddc |n 0 | ||
| 952 | |0 0 |1 0 |2 ddc |4 0 |6 187_000000000000000_ZAM_1992 |7 0 |8 C_AGB |9 584112 |a BIBDER |b BIBDER |d 2022-06-29 |e Donación |i 5652268 |o 187 ZAM 1992 |p 5652268 |r 2023-01-25 |t 1 |w 2022-06-29 |y BK_US |k AGB | ||